LEADER 01338nam a2200265 i 4500 001 000000044208 003 CaOOAMICUS 005 20100903000000.0 008 100903s1971 it u000 u ita u 013 $a15378 040 $aSeMil$bita 100 1 $aAuer, Johann,$d<1910-1989>.$0(OLS)http://semarc/name/3975 240 14$aDas Evangelium der Gnade.$0(OLS)http://semarc/title/65312 245 13$aIl vangelo della grazia :$bil nuovo ordine salvifico realizzato da Cristo nella chiesa /$cJohann Auer ; edizione italiana a cura di Carlo Molari. 260 $aAssisi :$bCittadella,$cstampa 1971. 300 $a356 p. ;$c19 cm. 650 4$aGrazia divina - Teologia.$0(OLS)http://semarc/subject/318 650 4$aTeologia dogmatica - Manuali.$0(OLS)http://semarc/subject/4 650 4$aGiustificazione.$0(OLS)http://semarc/subject/5986 700 1 $aMolari, Carlo,$d<1928- >.$0(OLS)http://semarc/name/2621 773 0 $aAuer, Johann <1910-1989>$tPiccola dogmatica cattolica.$dAssisi : Cittadella, 1971-2000.$g5$w()7732 850 $aSeMil 852 $aSeMil$W1$xVenegono$y1$m2RA I 75$j10363$B10363$CSeMilBibl$Z2$F10363 $81 996 $6245$aIl vangelo della grazia :$bil nuovo ordine salvifico realizzato da Cristo nella chiesa$9(OLS)http://semarc/title/65311 996 $6260$aAssisi :$bCittadella$9(OLS)http://semarc/publisher/29661 LEADER 00827nam a2200193 i 4500 001 000000126570 003 CaOOAMICUS 005 20220929165557.0 008 040520s1947 fr u000 u fre u 040 $aSeMil$bita 245 10$a2a-2ae, Questions 171-178 /$cSaint Thomas d'Aquin ; traduction française par Paul Synave et Pierre Benoit. 300 $a398 p. 700 1 $aSynave, Paul,$c.$0(OLS)http://semarc/name/14125 700 1 $aBenoit, Pierre,$c.$0(OLS)http://semarc/name/878 773 0 $aTommaso : d'Aquino $tProphétie.$dParis ; Tournai ; Rome : Desclée & Cie, 1947.$w()11653 850 $aSeMil 852 $aSeMil$W1$xVenegono$y1$m2N I 418$j80934$B80934$CSeMilBibl$Z2$F83077 $81 996 $6245$a2a-2ae, Questions 171-178$9(OLS)http://semarc/title/186653